000 01160nam a2200265Ia 4500
999 _c38563
_d38563
001 4679
003 GE_BSU
005 20190711175004.0
008 181216s2010||||ge |||||||||||||| ||geo||
020 _a9992809809
040 _cGE_BSU
041 _ageo
080 _a336.01(075.8) კ-17
100 _aკაკულია, რევაზ
_9751
245 _aფინანსების თეორია :
_bსახელმძღვ. საფინ.-ეკონ. უმაღლ. სასწ. და უნ-ტების სტუდენტათვის /
_cრევაზ კაკულია ; რედ. იაკობ მესხია.
250 _aმე-5 შევს. და გადამუშ. გამოც.
264 _aთბილისი :
_b[გ.გ] ;
_c2010.
300 _a337 გვ. ;
_c 20 სმ.
300 _eბიბლიოგრ.: გვ. 337.
504 _aბიბლიოგრ. : გვ. 337.
541 _h25ლ.
653 _aფინანსების თეორია
700 _a მესხია, იაკობ
_eრედაქტორი
_93221
942 _cBK
_2udc